000 00453nam a2200169Ia 4500
003 GCL
008 140319s9999 xx 000 0 eng d
040 _aGCL /
_cGCL
082 0 4 _a420.9
_bC L
100 1 _aCLAIBORNE, ROBER
245 1 0 _aTHE LIFE AND TIMES OF THE ENGLISH LANGUAGE /
_cCLAIBORNE, ROBER
260 _a[S.N] :
_bBLOOMSBURY ،
_c1991
300 _a329 P
650 0 4 _aENGLISH LANGUAGE
650 0 4 _aLINGUISTIC HISTORY
942 _2ddc
_cBK
999 _c24793
_d24793